000 00588nam a2200181Ia 4500
008 151018s9999 xx 000 0 und d
082 _bRBASDV61559
_a780
100 _aतुलसीराम देवाइन
245 _aठुमरी गायकी
250 _b1
260 _bसंगीत कार्यालय
300 _a132
600 _aतुलसीराम देवाइन
630 _aठुमरी गायकी
700 _aतुलसीराम देवाइन
730 _aठुमरी गायकी
942 _cBOOK
999 _c1054867
_d1054864